000 00673nam a2200193 a 4500
001 000046047
005 20201002052613.0
008 150612s2013 dr ac 000 0 spa d
020 _a9993484911
040 _aDO-SdBNP
_bspa
_cBNPHU
082 _axxxx
_bxxxx
100 1 _aBermúdez, Marcelo,
_d1934-
_974122
245 1 0 _aMarcelo Bermúdez :
_besculturas : etapas de una vida, involución y evolución /
_cMarcelo Bermúdez ; prólogo Cuqui Batista.
250 _aReimpresión
260 _aSanto Domingo :
_bAlfa y Omega,
_c2013.
300 _a224 p. :
_bil., retrs. ;
_c31 cm.
500 _aIncluye datos biográficos del autor
700 1 2 _aBatista, Cuqui,
_epról.
_974123
999 _c45536
_d45536